| 000 -LEADER |
| fixed length control field |
00730nam a22001337a 4500 |
| 040 ## - CATALOGING SOURCE |
| Transcribing agency |
RUA |
| 082 ## - DEWEY DECIMAL CLASSIFICATION NUMBER |
| Classification number |
VEM CHH 2020 B534 Or. |
| 100 ## - MAIN ENTRY--AUTHOR NAME |
| Personal name |
CHHAM CHHOUY,ឆឹម ឈុយ |
| 245 ## - TITLE STATEMENT |
| Title |
CASE OF SALMONELLA SPP. RESISTANCE ISOLATED ON BROILER CHICKEN V.B.C FARM TAKHMAO CITY, KANDAL PROVINCE,ករណី SALMONELLA SPP. ស៊ាំនឹងឱសថអង់ទីប្យូទិចលើមាន់សាច់នៅកសិដ្ឋាន វី.ប៊ី.ស៊ី ក្រុងតាខ្មៅ ខេត្តកណ្តាល |
| 260 ## - PUBLICATION, DISTRIBUTION, ETC. (IMPRINT) |
| Place of publication |
phnom penh |
| Name of publisher |
rua |
| Year of publication |
2020 |
| 300 ## - PHYSICAL DESCRIPTION |
| Number of Pages |
ix.38p. |
| Other physical details |
ill. |
| Dimensions |
29cm. |
| 856 ## - ELECTRONIC LOCATION AND ACCESS |
| Uniform Resource Identifier |
https://drive.google.com/file/d/1ArjJfqYawC_6diHxfSjYWREUlZwt1RV5/view?usp=sharing |
| 942 ## - ADDED ENTRY ELEMENTS (KOHA) |
| Koha item type |
VEM |
| 952 ## - LOCATION AND ITEM INFORMATION (KOHA) |
| Withdrawn status [LOCAL, KOHA] |
0 |
| 952 ## - LOCATION AND ITEM INFORMATION (KOHA) |
| Withdrawn status [LOCAL, KOHA] |
0 |
| 952 ## - LOCATION AND ITEM INFORMATION (KOHA) |
| Withdrawn status [LOCAL, KOHA] |
0 |
| 952 ## - LOCATION AND ITEM INFORMATION (KOHA) |
| Withdrawn status [LOCAL, KOHA] |
0 |